Particle physics and cosmology (Record no. 15141)

MARC details
000 -LEADER
fixed length control field 01021nam a2200253Ia 4500
003 - CONTROL NUMBER IDENTIFIER
control field IN-BaIIA
008 - FIXED-LENGTH DATA ELEMENTS--GENERAL INFORMATION
fixed length control field 211028s9999 xx 000 0 eng d
020 ## - INTERNATIONAL STANDARD BOOK NUMBER
International Standard Book Number 0-7354-0112-8
040 ## - CATALOGING SOURCE
Transcribing agency IIA Library
080 ## - UNIVERSAL DECIMAL CLASSIFICATION NUMBER
Universal Decimal Classification number 524.834 (063)
Item number PAR
111 ## - MAIN ENTRY--MEETING NAME
Meeting name or jurisdiction name as entry element Tropical Workshop on Practicle Physics and Cosmology
Number of part/section/meeting 3rd
Location of meeting US
Date of meeting or treaty signing 2002 Aug. 19-23
9 (RLIN) 27700
245 #0 - TITLE STATEMENT
Title Particle physics and cosmology
Remainder of title Third tropical workshop on practicle physics and cosmology - neutrinos, branes and cosmology held in San Juan, Puerto Rico, US, 19-23 Aug 2002
Statement of responsibility, etc. edited by J. F. Nieves and C. N. Leung
260 ## - PUBLICATION, DISTRIBUTION, ETC.
Place of publication, distribution, etc. Melville
Name of publisher, distributor, etc. American Institute of Physics
Date of publication, distribution, etc. 2003
300 ## - PHYSICAL DESCRIPTION
Extent ix, 263p.
490 ## - SERIES STATEMENT
Series statement AIP conference proceedings; v. 655
650 ## - SUBJECT ADDED ENTRY--TOPICAL TERM
Topical term or geographic name entry element Branes
9 (RLIN) 27701
650 ## - SUBJECT ADDED ENTRY--TOPICAL TERM
Topical term or geographic name entry element Dark energy
9 (RLIN) 27702
650 ## - SUBJECT ADDED ENTRY--TOPICAL TERM
Topical term or geographic name entry element Leptogenesis
9 (RLIN) 27703
650 ## - SUBJECT ADDED ENTRY--TOPICAL TERM
Topical term or geographic name entry element Neutrinos
9 (RLIN) 1923
700 ## - ADDED ENTRY--PERSONAL NAME
Personal name Leung, C. N., ed.
9 (RLIN) 27704
700 ## - ADDED ENTRY--PERSONAL NAME
Personal name Nieves, J. F., ed.
9 (RLIN) 27705
710 ## - ADDED ENTRY--CORPORATE NAME
Corporate name or jurisdiction name as entry element American Institute of Physics
9 (RLIN) 2416
942 ## - ADDED ENTRY ELEMENTS (KOHA)
Koha item type Books
Holdings
Withdrawn status Lost status Damaged status Not for loan Home library Current library Shelving location Date acquired Source of acquisition Cost, normal purchase price Total Checkouts Full call number Barcode Date last seen Cost, replacement price Price effective from Koha item type Purchase Price
        IIA Library-Bangalore IIA Library-Bangalore General Stacks 28/06/2003 EDS 9288.24   524.834 (063)/ PAR 16063 05/11/2021 9288.24 28/06/2003 Books Rs. 9288.24

Powered by Koha